1572 1327 1777 1268 1099 1034 1397 1018 1538 1791 1128 1088 1498 1257 1167 1569 1441 1337 1344 1141 1084 1906 1224 1570 1490 1844 1591 1581 1084 1921 1298 1993 1384 1957 1935 1173 1273 1500 1002 1259 1430 1109 1034 1110 1527 1372 1520 1565 1694 1633 1619 1647 1884 1390 1217 1377 1753 1668 1176 1907 1809 1530 1644 1232 1616 1966 1671 1128 1761 1441 1168 1625 1305 1708 1070 1185 1894 1207 1810 1875 1305 1662 1453 1530 1308 1190 1789 1397 1108 1576 1719 1058 1477 1149 1706 1713 1865 1987 1164 BCNSPRNW ULIB Ver.6.0+V

เปลี่ยนเป็นภาษาไทย

Change to English
 แสดงรายละเอียดบรรณานุกรม
  กลับหน้าหลัก

Brief Record : Get Marc (ISO 2709) : E-mail record : QR code < ปิดหน้าต่าง
LEADER : 00000nam 2200000uu 4500
001    13399121926
003     ULIB
008    110712s2552||||th 000 0 tha d
020    9749930495
020    9789749930496
060 04 WM100^bม456จ
245 00 จิตเวชศาสตร์รามาธิบดี /^cมาโนช หล่อตระกูล, ปราโมทย์ สุคนิชย์, บรรณาธิการ
250    พิมพ์ครั้งที่ 2
260    กรุงเทพฯ :^bภาควิชาจิตเวชศาสตร์คณะแพทยศาสตร์โรงพยาบาลรามาธิบดี มหาวิทยาลัยมหิดล,^c2552
300    x, 510 หน้า ;^c21 ซม.
650  7 จิตเวชศาสตร์
700 0  มาโนช หล่อตระกูล,^eบรรณาธิการ
700 0  ปราโมทย์ สุคนิชย์,^eบรรณาธิการ
710 2  มหาวิทยาลัยมหิดล. ^bคณะแพทยศาสตร์โรงพยาบาลรามาธิบดี.^bภาควิชาจิตเวชศาสตร์
945    ^p300^l0^i17902
945    ^p300^l0^i14070
945    ^p300^l0^i16649
945    ^p300^l0^i16650
945    ^p300^l0^i16702
945    ^p300^l0^i17901
945    ^p300^l0^i16648
995    ทศพร
999    ^aใช้งานได้ทุกระบบ
รายการนี้ยังไม่มีแท็ก
คุณยังไม่ได้ล็อกอิน คุณสามารถมีกิจกรรมร่วมกับเว็บไซต์ได้ แต่ต้องล็อกอินก่อน ::
  ล็อกอิน

รายการสื่อสารสนเทศ

ลำดับที่ ประเภท เลขเรียก/บาร์โค้ด สถานที่ สถานะ
1. วิทยาศาสตร์การแพทย์ และสุขภาพ
วิทยาศาสตร์การแพทย์ และสุขภาพ
WM100 ม456จ ฉ.1 
  Barcode: 14070
ห้องสมุดวิทยาเขตสวรรค์ประชารักษ์
►ส่วนจัดเก็บหนังสือเก่า สปร
บนชั้น
  ขอยืม
2. วิทยาศาสตร์การแพทย์ และสุขภาพ
วิทยาศาสตร์การแพทย์ และสุขภาพ
สถานะ=หนังสือเก่า
WM100 ม456จ ฉ.6 
  Barcode: 17901
ห้องสมุดวิทยาเขตนครสวรรค์
►ส่วนจัดเก็บหนังสือเก่า นว.
บนชั้น
  ขอยืม
3. วิทยาศาสตร์การแพทย์ และสุขภาพ
วิทยาศาสตร์การแพทย์ และสุขภาพ
สถานะ=หนังสือเก่า
WM100 ม456จ ฉ.7 
  Barcode: 16648
ห้องสมุดวิทยาเขตนครสวรรค์
►ส่วนจัดเก็บหนังสือเก่า นว.
บนชั้น
  ขอยืม

รายการใกล้เคียง
    หัวเรื่อง [จิตเวชศาสตร์]

BibComment


ยังไม่เคยถูกคอมเมนท์

คอมเมนท์ทรัพยากรรายการนี้
  คอมเมนท์: จิตเวชศาสตร์รามาธ..


 Copyright 2026. Bcnsprnw @Library